[Event "13. Torneo Villa de Mondragón - Arrasat"]
[Site "Mondragón ESP"]
[Date "2013.12.28"]
[Round "4.4"]
[White "Mate Adan, Carlos"]
[Black "Etxagibel Larrañaga, Asier"]
[Result "1-0"]
[WhiteElo "2265"]
[BlackElo "2165"]
[PlyCount "91"]
[EventDate "2013.12.26"]
[EventType "swiss"]
[EventRounds "6"]
[EventCountry "ESP"]
[Source "lmi"]
[SourceDate "2013.12.26"]

1. e4 c5 2. g3 g6 3. Bg2 Bg7 4. d3 Nc6 5. f4 d6 6. Nf3 e6 7. O-O Nge7 8. c3 O-O
9. Be3 b6 10. Na3 Bb7 11. Qd2 Qd7 12. Rfe1 Rfd8 13. Bf2 e5 14. d4 cxd4 15. cxd4
Rac8 16. fxe5 dxe5 17. d5 Nb8 18. b3 Ba6 19. Rac1 Rxc1 20. Rxc1 Nc8 21. Ne1 Nd6
22. Nd3 Rc8 23. Nb4 Bb7 24. Rc3 Na6 25. Nxa6 Bxa6 26. Nc2 f5 27. exf5 Qxf5 28.
Rxc8+ Qxc8 29. Nb4 Bb7 30. Nc6 Bf8 31. Nxe5 Qf5 32. Qe1 Bc8 33. Nc6 Qc2 34.
Ne7+ Bxe7 35. Qxe7 Nf5 36. Qe8+ Kg7 37. Qe5+ Kg8 38. h3 Ba6 39. g4 Qd1+ 40. Kh2
Qd2 41. Be1 Qe3 42. Qb8+ Kf7 43. gxf5 Qxe1 44. Qxa7+ Bb7 45. Qxb7+ Kg8 46. Qb8+
1-0

[Event "13. Torneo Villa de Mondragón - Arrasat"]
[Site "Mondragón ESP"]
[Date "2013.12.28"]
[Round "4.5"]
[White "Rodriguez Melendez, Juan Humbe"]
[Black "Alcaide Luque, Aitor"]
[Result "1/2-1/2"]
[WhiteElo "2060"]
[BlackElo "2173"]
[PlyCount "162"]
[EventDate "2013.12.26"]
[EventType "swiss"]
[EventRounds "6"]
[EventCountry "ESP"]
[Source "lmi"]
[SourceDate "2013.12.26"]

1. e4 e6 2. d4 d5 3. Nc3 Bb4 4. exd5 exd5 5. Bd3 Ne7 6. Nge2 Bg4 7. a3 Bxc3+ 8.
bxc3 O-O 9. O-O Qd7 10. Re1 Nbc6 11. Bg5 Rfe8 12. Qb1 f6 13. Bd2 Na5 14. Ng3 b6
15. f3 Be6 16. a4 Nc8 17. Bf4 Nd6 18. Qb4 Nac4 19. Bxd6 Nxd6 20. Bb5 c6 21. Bd3
g6 22. Re2 Kg7 23. Rae1 h5 24. h4 Bf7 25. Kf2 Rxe2+ 26. Rxe2 Re8 27. Rxe8 Nxe8
28. a5 Qc7 29. axb6 axb6 30. c4 c5 31. dxc5 bxc5 32. Qc3 d4 33. Qa3 f5 34. Ne2
Qe7 35. g3 Nd6 36. Qa6 Qe6 37. Qa7 Qe5 38. Kg2 Kh6 39. f4 Qe8 40. Qxc5 Qa8+ 41.
Kh2 Ne4 42. Qxd4 Nd2 43. Ng1 Kh7 44. Qe3 Nxc4 45. Qe7 Kg8 46. Nh3 Nd2 47. Ng5
Nf3+ 48. Nxf3 Qxf3 49. Qe2 Qc6 50. c4 Qc5 51. Qb2 Qe3 52. Bf1 Qc5 53. Qb5 Qf2+
54. Bg2 Qe2 55. Qb8+ Kh7 56. Qc7 Qxc4 57. Qxc4 Bxc4 58. Kg1 Kg7 59. Kf2 Kf6 60.
Ke3 Bb3 61. Kd4 Bc2 62. Bc6 Bb3 63. Kc5 Bc2 64. Bd5 Ba4 65. Kd6 Bb5 66. Kc7 Ba4
67. Kd8 Bb5 68. Bb7 Ba4 69. Bc8 Bb5 70. Bb7 Ba4 71. Kc7 Bb5 72. Kb6 Bc4 73. Kc5
Bb3 74. Bc6 Bc2 75. Kd6 Bb3 76. Be8 Bc4 77. Kc7 Bb3 78. Kd8 Bc4 79. Bc6 Bb3 80.
Ke8 Bc4 81. Kf8 Bb3 1/2-1/2

[Event "13. Torneo Villa de Mondragón - Arrasat"]
[Site "Mondragón ESP"]
[Date "2013.12.28"]
[Round "4.6"]
[White "Montolio Benedicto, Cesar"]
[Black "Aguirre Canflanca, Josu"]
[Result "1/2-1/2"]
[WhiteElo "1950"]
[BlackElo "2205"]
[PlyCount "53"]
[EventDate "2013.12.26"]
[EventType "swiss"]
[EventRounds "6"]
[EventCountry "ESP"]
[Source "lmi"]
[SourceDate "2013.12.26"]

1. e4 e6 2. d3 d5 3. Nd2 c5 4. Ngf3 Nc6 5. g3 Bd6 6. Bg2 Nge7 7. O-O O-O 8. Nh4
Bc7 9. Ndf3 b6 10. Re1 Bb7 11. e5 Qd7 12. Bh1 Ng6 13. Nxg6 fxg6 14. Bf4 h6 15.
h4 Rxf4 16. gxf4 Rf8 17. Qd2 Qf7 18. c3 Qxf4 19. Qxf4 Rxf4 20. Kg2 Ba6 21. Kg3
Rf5 22. d4 Bd3 23. Rad1 Be4 24. Bg2 Kf7 25. Nh2 Bxg2 26. Kxg2 Ke7 27. Nf3
1/2-1/2

[Event "13. Torneo Villa de Mondragón - Arrasat"]
[Site "Mondragón ESP"]
[Date "2013.12.28"]
[Round "4.7"]
[White "Ausin Matilla, Daniel"]
[Black "Manso Marquez, Felix"]
[Result "1-0"]
[WhiteElo "1991"]
[BlackElo "2084"]
[PlyCount "35"]
[EventDate "2013.12.26"]
[EventType "swiss"]
[EventRounds "6"]
[EventCountry "ESP"]
[Source "lmi"]
[SourceDate "2013.12.26"]

1. e4 e6 2. d4 d5 3. Nd2 c5 4. exd5 exd5 5. Bb5+ Nc6 6. Qe2+ Be7 7. dxc5 Nf6 8.
Ngf3 O-O 9. O-O Bg4 10. Bxc6 bxc6 11. b4 a5 12. c3 d4 13. cxd4 axb4 14. Nb3 Nd5
15. Qe4 Qc8 16. Bd2 Bf6 17. Ne5 Re8 18. Qxg4 1-0

[Event "13. Torneo Villa de Mondragón - Arrasat"]
[Site "Mondragón ESP"]
[Date "2013.12.28"]
[Round "4.8"]
[White "San Jose Madinabeitia, Iban"]
[Black "Hernando Casas, Jose Manuel"]
[Result "0-1"]
[WhiteElo "1762"]
[BlackElo "2007"]
[PlyCount "42"]
[EventDate "2013.12.26"]
[EventType "swiss"]
[EventRounds "6"]
[EventCountry "ESP"]
[Source "lmi"]
[SourceDate "2013.12.26"]

1. d4 d5 2. c4 e6 3. Nc3 f5 4. cxd5 exd5 5. Nf3 c6 6. Bf4 Nf6 7. e3 Be7 8. Bd3
O-O 9. O-O Ne4 10. h3 Be6 11. Ne5 Nd7 12. f3 Nd6 13. Qe2 Nf6 14. a4 a5 15. e4
dxe4 16. fxe4 Ndxe4 17. Nf3 Bd5 18. Rae1 Bb4 19. Qc2 Qb6 20. Be5 Rae8 21. Rc1
Rxe5 0-1

[Event "13. Torneo Villa de Mondragón - Arrasat"]
[Site "Mondragón ESP"]
[Date "2013.12.29"]
[Round "5.2"]
[White "Ruiz Gomez, Alejandro"]
[Black "Ortega Fuentes, Luis Angel"]
[Result "1/2-1/2"]
[WhiteElo "2409"]
[BlackElo "2086"]
[PlyCount "51"]
[EventDate "2013.12.26"]
[EventType "swiss"]
[EventRounds "6"]
[EventCountry "ESP"]
[Source "lmi"]
[SourceDate "2013.12.26"]

1. e4 e5 2. Nf3 d6 3. d4 Nf6 4. Nc3 Nbd7 5. Bc4 Be7 6. a4 O-O 7. O-O a5 8. h3
c6 9. Re1 exd4 10. Qxd4 Qb6 11. Be3 Qb4 12. Bd2 Qb6 13. Qxb6 Nxb6 14. Bf1 Be6
15. b3 d5 16. exd5 Nfxd5 17. Nxd5 Nxd5 18. Nd4 Bd7 19. c4 Bf6 20. cxd5 Bxd4 21.
Rad1 cxd5 22. Bb4 Bxf2+ 23. Kxf2 axb4 24. Rxd5 Be6 25. Rd4 Bxb3 26. Rxb4
1/2-1/2

[Event "13. Torneo Villa de Mondragón - Arrasat"]
[Site "Mondragón ESP"]
[Date "2013.12.29"]
[Round "5.3"]
[White "Rodriguez Fontecha, Marcos"]
[Black "Rodriguez Melendez, Juan Humbe"]
[Result "1-0"]
[WhiteElo "2300"]
[BlackElo "2060"]
[PlyCount "79"]
[EventDate "2013.12.26"]
[EventType "swiss"]
[EventRounds "6"]
[EventCountry "ESP"]
[Source "lmi"]
[SourceDate "2013.12.26"]

1. d4 Nf6 2. Nf3 g6 3. Bg5 Bg7 4. c3 O-O 5. Nbd2 d6 6. e4 c5 7. dxc5 dxc5 8.
Bc4 Nc6 9. Qe2 h6 10. Bh4 Nh5 11. Qe3 b6 12. O-O Qc7 13. Rfe1 Na5 14. Bd5 Rb8
15. e5 Rd8 16. c4 b5 17. b3 bxc4 18. bxc4 Re8 19. h3 Bf8 20. g4 e6 21. Be4 Ng7
22. Bf6 Kh7 23. Ng5+ hxg5 24. Qxg5 Nf5 25. gxf5 gxf5 26. Qh5+ Bh6 27. Nf3 Rg8+
28. Ng5+ Rxg5+ 29. Bxg5 f6 30. Qxh6+ Kg8 31. Bxf6 Qh7 32. Qxh7+ Kxh7 33. Bd3
Bb7 34. Kh2 Rc8 35. Rg1 Rc7 36. Rg5 Rd7 37. Rag1 Bf3 38. Rg8 Kh6 39. R1g6+ Kh7
40. R8g7+ 1-0

[Event "13. Torneo Villa de Mondragón - Arrasat"]
[Site "Mondragón ESP"]
[Date "2013.12.29"]
[Round "5.5"]
[White "Aguirre Canflanca, Josu"]
[Black "Ausin Matilla, Daniel"]
[Result "1-0"]
[WhiteElo "2205"]
[BlackElo "1991"]
[PlyCount "75"]
[EventDate "2013.12.26"]
[EventType "swiss"]
[EventRounds "6"]
[EventCountry "ESP"]
[Source "lmi"]
[SourceDate "2013.12.26"]

1. Nf3 Nf6 2. c4 g6 3. Nc3 Bg7 4. e4 d6 5. d4 O-O 6. Be2 e5 7. O-O Nc6 8. d5
Ne7 9. Ne1 Ne8 10. Be3 f5 11. f3 f4 12. Bf2 g5 13. a4 a5 14. c5 Rf7 15. Nd3 Kh8
16. Qb3 Ng8 17. cxd6 cxd6 18. Bb6 Qf6 19. Rac1 Qg6 20. Nf2 Ngf6 21. Nb5 g4 22.
fxg4 Bxg4 23. Bxg4 Nxg4 24. Nxg4 Qxg4 25. Qf3 Qg6 26. Rc4 Bf8 27. Rfc1 Nf6 28.
Nc7 Rc8 29. Ne6 Rxc4 30. Rxc4 Kg8 31. h3 h5 32. Bxa5 Kh7 33. Bd8 Ng4 34. Ng5+
Kg8 35. hxg4 hxg4 36. Qxg4 Rg7 37. Qe6+ Qxe6 38. dxe6 1-0

[Event "13. Torneo Villa de Mondragón - Arrasat"]
[Site "Mondragón ESP"]
[Date "2013.12.29"]
[Round "5.9"]
[White "Sanz Garcia, Ramon"]
[Black "San Jose Madinabeitia, Iban"]
[Result "1-0"]
[WhiteElo "1732"]
[BlackElo "1762"]
[PlyCount "119"]
[EventDate "2013.12.26"]
[EventType "swiss"]
[EventRounds "6"]
[EventCountry "ESP"]
[Source "lmi"]
[SourceDate "2013.12.26"]

1. e4 e5 2. Nf3 Nf6 3. Nxe5 d6 4. Nf3 Nxe4 5. Nc3 Nxc3 6. dxc3 Be7 7. Bf4 O-O
8. Qd2 Nc6 9. O-O-O Bg4 10. Be2 Bf6 11. h3 Be6 12. Kb1 a5 13. Bd3 Qd7 14. Ng5
Bxg5 15. Bxg5 Ne5 16. Be2 a4 17. a3 Qc6 18. Rhg1 Nc4 19. Qd4 Qb5 20. Bxc4 Qxc4
21. Qxc4 Bxc4 22. Rd4 b5 23. Be3 Rfe8 24. Rgd1 Re6 25. g3 Rae8 26. Kc1 f6 27.
h4 Kf7 28. Rh1 c6 29. Rhd1 d5 30. R4d2 h5 31. Rg1 Re4 32. Kd1 f5 33. Rd4 g6 34.
Rd2 R8e6 35. Rd4 Re7 36. Kc1 Rd7 37. Rgd1 Be2 38. R1d2 Bf3 39. Rxe4 fxe4 40. b3
axb3 41. cxb3 Rb7 42. Kb2 Ke6 43. Bc5 Kd7 44. Kc1 Ke6 45. Ra2 Kd7 46. Kd2 Bg4
47. a4 bxa4 48. b4 Be6 49. Rxa4 Ke8 50. Ra8+ Kd7 51. Ke3 Rc7 52. Kf4 Rc8 53.
Ra6 Bf5 54. Ra1 Bg4 55. Kg5 Bf5 56. Ra2 Rc7 57. Kf6 Rb7 58. Ra8 Rc7 59. Bb6 Rb7
60. Rd8# 1-0

[Event "13. Torneo Villa de Mondragón - Arrasat"]
[Site "Mondragón ESP"]
[Date "2013.12.29"]
[Round "6.1"]
[White "Franco Alonso, Alejandro"]
[Black "Mate Adan, Carlos"]
[Result "1-0"]
[WhiteElo "2485"]
[BlackElo "2265"]
[PlyCount "73"]
[EventDate "2013.12.26"]
[EventType "swiss"]
[EventRounds "6"]
[EventCountry "ESP"]
[Source "lmi"]
[SourceDate "2013.12.26"]

1. d4 Nc6 2. Nf3 g6 3. d5 Nb8 4. e4 Bg7 5. c4 d6 6. Nc3 Nf6 7. h3 O-O 8. Bd3 c6
9. O-O a6 10. Bg5 b5 11. dxc6 bxc4 12. Bxf6 exf6 13. Bxc4 Nxc6 14. Bd5 Bd7 15.
Nd4 Rc8 16. Nxc6 Bxc6 17. Qd3 f5 18. Qxa6 Bxc3 19. bxc3 Bxd5 20. exd5 Rc5 21.
a4 Ra5 22. Qc4 Qa8 23. Qb4 Qa6 24. c4 Rc5 25. Rfb1 Rxc4 26. Qb5 Ra8 27. Qd7 Qa5
28. Qxd6 Rxa4 29. Rb8+ Rxb8 30. Qxb8+ Kg7 31. Qe5+ Kh6 32. Rxa4 Qxa4 33. d6
Qd1+ 34. Kh2 Qa4 35. g3 Qd1 36. Kg2 Qa4 37. Qf4+ 1-0

[Event "13. Torneo Villa de Mondragón - Arrasat"]
[Site "Mondragón ESP"]
[Date "2013.12.29"]
[Round "6.2"]
[White "Rodriguez Fontecha, Marcos"]
[Black "Iruzubieta Villaluenga, Jesus"]
[Result "1/2-1/2"]
[WhiteElo "2300"]
[BlackElo "2412"]
[PlyCount "117"]
[EventDate "2013.12.26"]
[EventType "swiss"]
[EventRounds "6"]
[EventCountry "ESP"]
[Source "lmi"]
[SourceDate "2013.12.26"]

1. d4 d5 2. Bf4 Nf6 3. e3 c5 4. c3 Nc6 5. Nd2 cxd4 6. exd4 Bf5 7. Ngf3 e6 8.
Bb5 Qb6 9. Qb3 Be7 10. h3 O-O 11. O-O Ne4 12. Rfe1 Nxd2 13. Nxd2 Na5 14. Qa4
Nc6 15. Nf1 a6 16. Bxc6 Qxc6 17. Qxc6 bxc6 18. b4 a5 19. Ne3 Bd3 20. a3 Ra7 21.
Ng4 Rfa8 22. Ne5 Bb5 23. Rac1 axb4 24. axb4 Ra2 25. Nd7 Rb2 26. Ra1 Raa2 27.
Rxa2 Rxa2 28. Ne5 h6 29. Rc1 g5 30. Be3 f6 31. Nf3 Bd6 32. g3 Kf7 33. h4 Be2
34. Ne1 Bc4 35. Nf3 Kg6 36. Nd2 Bd3 37. hxg5 hxg5 38. Nb3 Kf5 39. Na5 Bb5 40.
Nb7 Be7 41. Kg2 Ra7 42. Nc5 Bd6 43. g4+ Kxg4 44. Nxe6 Re7 45. Nc5 f5 46. f3+
Kh5 47. Rh1+ Kg6 48. Bf2 g4 49. Rh8 Re2 50. fxg4 fxg4 51. Rd8 Be7 52. Rg8+ Kf5
53. Nd7 Bd6 54. Ne5 Bxe5 55. dxe5 Rxe5 56. Rf8+ Ke4 57. Kg3 Kd3 58. Bd4 Re4 59.
Rf4 1/2-1/2

[Event "13. Torneo Villa de Mondragón - Arrasat"]
[Site "Mondragón ESP"]
[Date "2013.12.29"]
[Round "6.3"]
[White "Ruiz Gomez, Alejandro"]
[Black "Etxagibel Larrañaga, Asier"]
[Result "1-0"]
[WhiteElo "2409"]
[BlackElo "2165"]
[PlyCount "43"]
[EventDate "2013.12.26"]
[EventType "swiss"]
[EventRounds "6"]
[EventCountry "ESP"]
[Source "lmi"]
[SourceDate "2013.12.26"]

1. e4 c5 2. Nf3 Nc6 3. Bb5 g6 4. Bxc6 dxc6 5. Nc3 Bg7 6. d3 Nf6 7. h3 O-O 8.
O-O Re8 9. Bf4 Nd7 10. e5 Nf8 11. Ne4 b6 12. Re1 Ne6 13. Bh2 Qc7 14. Qd2 Bd7
15. Nf6+ exf6 16. exf6 Qd8 17. fxg7 Nxg7 18. Be5 f6 19. Bc3 Kf7 20. Qh6 Kg8 21.
Ng5 fxg5 22. Qxg7# 1-0

[Event "13. Torneo Villa de Mondragón - Arrasat"]
[Site "Mondragón ESP"]
[Date "2013.12.29"]
[Round "6.4"]
[White "Hernando Casas, Jose Manuel"]
[Black "Aguirre Canflanca, Josu"]
[Result "0-1"]
[WhiteElo "2007"]
[BlackElo "2205"]
[PlyCount "96"]
[EventDate "2013.12.26"]
[EventType "swiss"]
[EventRounds "6"]
[EventCountry "ESP"]
[Source "lmi"]
[SourceDate "2013.12.26"]

1. e4 c5 2. Nf3 e6 3. d4 cxd4 4. Nxd4 a6 5. c4 d6 6. Nc3 Qc7 7. Be2 b6 8. Be3
Bb7 9. O-O Nf6 10. f3 Nbd7 11. Qd2 Be7 12. Rfd1 O-O 13. Bf1 Rac8 14. Rac1 Qb8
15. Qf2 Bd8 16. b3 Bc7 17. g3 Kh8 18. Nc2 Rg8 19. Qd2 Ne5 20. Bg2 Ba8 21. Nb4
Bb7 22. Nc2 h6 23. Qf2 Nfd7 24. Qd2 Kh7 25. Nd4 g5 26. Rf1 Rg6 27. Kh1 Rcg8 28.
Kg1 h5 29. f4 gxf4 30. Rxf4 Rg4 31. Rcf1 R8g7 32. Qe2 Kg8 33. Bh3 Qd8 34. Bxg4
hxg4 35. R4f2 Qe7 36. Bf4 Rg6 37. Nd1 Nc5 38. Bxe5 dxe5 39. Rxf7 Qxf7 40. Rxf7
Kxf7 41. Nc2 Nxe4 42. Nde3 Ng5 43. Qd3 Rf6 44. Qd7+ Kf8 45. Nd5 Nh3+ 46. Kg2
Rf2+ 47. Kh1 Rf1+ 48. Kg2 Rg1# 0-1

[Event "13. Torneo Villa de Mondragón - Arrasat"]
[Site "Mondragón ESP"]
[Date "2013.12.29"]
[Round "6.5"]
[White "Ortega Fuentes, Luis Angel"]
[Black "Alcaide Luque, Aitor"]
[Result "1-0"]
[WhiteElo "2086"]
[BlackElo "2173"]
[PlyCount "95"]
[EventDate "2013.12.26"]
[EventType "swiss"]
[EventRounds "6"]
[EventCountry "ESP"]
[Source "lmi"]
[SourceDate "2013.12.26"]

1. Nf3 f5 2. c4 Nf6 3. Nc3 e6 4. g3 b6 5. Bg2 Bb7 6. O-O Bb4 7. Qc2 O-O 8. a3
Bxc3 9. Qxc3 Qe8 10. Nd4 Bxg2 11. Kxg2 Qh5 12. Qf3 Qxf3+ 13. Nxf3 c5 14. d3 Nh5
15. b4 d6 16. Bg5 Rf7 17. bxc5 h6 18. Bd2 dxc5 19. Ne5 Rb7 20. a4 a5 21. Rfb1
Nf6 22. Rb5 Nfd7 23. Nxd7 Nxd7 24. Rab1 Rbb8 25. h3 Kf7 26. g4 Ke7 27. gxf5
exf5 28. Bc3 Kd6 29. Kf3 Rg8 30. h4 g6 31. Rg1 Kc6 32. Bd2 Rae8 33. Bxh6 Ne5+
34. Kg3 Ng4 35. Bf4 Nf6 36. Kf3 Re6 37. Rb2 Kb7 38. Bd2 Kc6 39. Bc3 Ng4 40.
Rgb1 Kc7 41. Kg3 g5 42. hxg5 Rxg5 43. f3 Ne3+ 44. Kf4 Reg6 45. Be5+ Kb7 46. Rh1
Ka6 47. Rh7 Nf1 48. Bb8 1-0

[Event "13. Torneo Villa de Mondragón - Arrasat"]
[Site "Mondragón ESP"]
[Date "2013.12.29"]
[Round "6.6"]
[White "Rodriguez Melendez, Juan Humbe"]
[Black "Tornay Gomez, Josu"]
[Result "1/2-1/2"]
[WhiteElo "2060"]
[BlackElo "2095"]
[PlyCount "84"]
[EventDate "2013.12.26"]
[EventType "swiss"]
[EventRounds "6"]
[EventCountry "ESP"]
[Source "lmi"]
[SourceDate "2013.12.26"]

1. e4 Nf6 2. e5 Nd5 3. d4 d6 4. c4 Nb6 5. exd6 exd6 6. Bd3 Nc6 7. Ne2 Nb4 8.
O-O Nxd3 9. Qxd3 Be7 10. a4 a5 11. Nbc3 O-O 12. b3 c6 13. Re1 Re8 14. Ng3 d5
15. c5 Nd7 16. Bf4 Nf8 17. Nh5 Ng6 18. Bd2 Bg4 19. Ng3 Qd7 20. f3 Be6 21. Nce2
Nh4 22. Nf4 Bf5 23. Qc3 Bg6 24. Nd3 f6 25. Nf4 Bf7 26. Qc2 Ng6 27. Nd3 Nf8 28.
b4 axb4 29. Bxb4 Ra7 30. Nb2 g6 31. Qd2 Ne6 32. a5 f5 33. Nd3 Bf6 34. Ne5 Qc7
35. Bc3 f4 36. Nh1 g5 37. Nf2 Bg6 38. Qb2 Bf5 39. Re2 Re7 40. Rae1 Ra8 41. Qb4
Rae8 42. Qb2 Bg7 1/2-1/2

[Event "13. Torneo Villa de Mondragón - Arrasat"]
[Site "Mondragón ESP"]
[Date "2013.12.29"]
[Round "6.7"]
[White "Montolio Benedicto, Cesar"]
[Black "Manso Marquez, Felix"]
[Result "0-1"]
[WhiteElo "1950"]
[BlackElo "2084"]
[PlyCount "110"]
[EventDate "2013.12.26"]
[EventType "swiss"]
[EventRounds "6"]
[EventCountry "ESP"]
[Source "lmi"]
[SourceDate "2013.12.26"]

1. e4 e6 2. d3 c5 3. Nf3 Nc6 4. g3 g6 5. Bg2 Bg7 6. O-O Nge7 7. c3 O-O 8. Be3
b6 9. d4 cxd4 10. cxd4 d5 11. e5 Ba6 12. Re1 Qd7 13. Bf1 Bxf1 14. Rxf1 f6 15.
exf6 Bxf6 16. Bh6 Rfe8 17. Bg5 Bxg5 18. Nxg5 Nf5 19. Nf3 Qg7 20. Nc3 Nfxd4 21.
Nxd4 Nxd4 22. f4 Rad8 23. Qa4 Nf5 24. Rfe1 Qd7 25. Qxd7 Rxd7 26. Rac1 Kf7 27.
Nb5 h6 28. g4 Nd6 29. Nxd6+ Rxd6 30. Rc7+ Re7 31. Rec1 d4 32. Kf2 g5 33. Kf3
Rxc7 34. Rxc7+ Kf6 35. fxg5+ Kxg5 36. Rg7+ Kf6 37. Rc7 d3 38. Rc1 d2 39. Rd1
Kg5 40. Ke2 Kxg4 41. Rg1+ Kf4 42. Kd1 e5 43. Rg7 a6 44. Rf7+ Ke3 45. Rg7 e4 46.
Rg3+ Kf2 47. Rg8 e3 48. Rf8+ Kg2 49. Re8 Kf3 50. Rf8+ Ke4 51. Re8+ Kf3 52. Re7
Rc6 53. Rf7+ Ke4 54. Re7+ Kf3 55. Rf7+ Kg2 0-1